[Event "XXVII. Abierto de Sevilla"]
[Site "?"]
[Date "2002.01.15"]
[Round "5"]
[White "Carrabeo Garcia, M."]
[Black "Calvo, J.M."]
[Result "1/2-1/2"]
[WhiteElo "2072"]
[BlackElo "2285"]
[PlyCount "78"]
[EventDate "1996.??.??"]

1. d4 d6 2. c4 f5 3. Nf3 Nf6 4. g3 g6 5. Bg2 Bg7 6. O-O O-O 7. b3 Ne4 8. Bb2
Nc6 9. Nbd2 Nxd2 10. Qxd2 e5 11. d5 Ne7 12. Rac1 h6 13. c5 g5 14. cxd6 cxd6 15.
Rfd1 15... f4 { } 16. Nxe5 fxg3 17. hxg3 dxe5 18. d6 Nc6 19. d7 Qf6 20. Qe3 Nd4
(20... Rd8) 21. dxc8=Q Raxc8 22. Rxc8 Rxc8 23. Bxd4 Rd8 24. Rc1 (24. Bxb7 exd4
25. Qd3 $16) 24... exd4 $11 25. Qf3 Qxf3 26. Bxf3 Rd7 27. Kf1 Bf8 28. Rc8 b6
29. Bg4 Rd6 30. Rc7 a5 31. Rd7 Rxd7 32. Bxd7 h5 33. Be8 h4 34. Kg2 Bg7 35. f4
Bf6 36. fxg5 Bxg5 37. gxh4 Bxh4 38. Kf3 Kf8 39. Bb5 Be7 1/2-1/2

[Event "XXVII. Abierto de Sevilla"]
[Site "?"]
[Date "2002.01.15"]
[Round "5"]
[White "Gomez Trigo, J."]
[Black "Estrada Martinez, C."]
[Result "0-1"]
[WhiteElo "2044"]
[BlackElo "2186"]
[PlyCount "87"]
[EventDate "1996.??.??"]

1. e4 c5 2. Nc3 Nc6 3. f4 e6 4. Nf3 Qc7 5. Bc4 a6 6. d3 b5 7. Bb3 Nd4 8. O-O
Bb7 9. f5 Nxb3 10. axb3 b4 11. fxe6 dxe6 12. Ng5 12... Nf6 { } 13. Nd5 $2 13...
exd5 $19 14. Bf4 Qc6 15. e5 h6 16. exf6 hxg5 17. Qe2+ Kd8 18. fxg7 Bxg7 19.
Bxg5+ f6 20. Qe5 20... Re8 $6 (20... Rf8) 21. Qg3 $2 (21. Bxf6+ Bxf6 22. Qxf6+
Qxf6 23. Rxf6 Re2 24. Rf2 Rxf2 25. Kxf2 25... Ke7 $17) 21... fxg5 22. Qxg5+
22... Kc7 $6 (22... Re7 $19) 23. Rf7+ Kb6 24. Rxg7 Re6 25. Rf1 Rae8 26. h4
26... Re1 $6 (26... d4) 27. Rg6 R8e6 28. h5 Rxf1+ 29. Kxf1 Qe8 30. Rxe6+ Qxe6
31. h6 Qf7+ 32. Ke2 $17 32... Bc8 $6 (32... d4) 33. Qd8+ 33... Kb7 $15 34. Qg5
Bf5 35. g4 Bh7 36. Qe5 Kc6 37. g5 Kd7 38. Ke3 d4+ 39. Kd2 Qf2+ 40. Kd1 Qf1+ 41.
Kd2 Qf2+ 42. Kd1 Qf3+ 43. Kd2 Bf5 44. Qh2 $4 (44. Qg7+ Kc6 45. Qf6+ Kb5 46. Qe7
$11) 0-1

[Event "XXVII. Abierto de Sevilla"]
[Site "?"]
[Date "2002.01.15"]
[Round "5"]
[White "Barrenechea, G."]
[Black "Rodriguez Guerrero, E."]
[Result "0-1"]
[WhiteElo "2094"]
[BlackElo "2309"]
[PlyCount "135"]
[EventDate "1996.??.??"]

1. e4 c5 2. Nf3 e6 3. d4 cxd4 4. Nxd4 Nc6 5. Nb5 d6 6. Bf4 e5 7. Be3 a6 8. N5c3
Nf6 9. Bg5 Be7 10. Bxf6 Bxf6 11. Nd2 Be6 12. Nc4 Nd4 13. Nd5 Bxd5 14. exd5 Nf5
15. Qd3 g6 16. Be2 O-O 17. c3 Bg5 18. O-O Ne7 19. g3 f5 20. f4 e4 21. Qd2 Bf6
22. a4 Rc8 23. Kg2 Rc5 24. Na3 Kh8 25. c4 a5 26. Rab1 Nc8 27. Nb5 Kg8 28. Rfd1
Rf7 29. b4 axb4 30. Qxb4 h6 31. Nd4 Bxd4 32. Rxd4 Qa5 33. Rd2 Qa7 34. Rdb2 Ra5
35. Bd1 Ra6 36. Qd2 Rc7 37. Rb5 Nb6 38. c5 Nc8 39. Qb2 (39. c6 $1 39... bxc6
40. dxc6 Raxc6 41. Qd5+ Kh8 42. Bb3 Ne7 43. Qf7 Rc5) 39... dxc5 40. Qe5 Re7 (
40... Nd6 41. R5b3 c4 42. Rc3) 41. Qc3 c4 42. Qxc4 (42. Bb3 Nd6 43. Bxc4 Rc7
44. Qf6 Kh7 45. Rxb7 Rxb7 46. Rxb7+ Qxb7 47. Bxa6 Qxa6 48. Qe7+ Kg8 49. Qe6+
Kg7 50. Qe5+ Kf8 51. Qf6+ Ke8 52. Qxg6+ Kd8 53. Qf6+ Kc7 54. Qe7+ Kb8 55. Qf8+
Ka7 56. Qxh6 Qe2+ 57. Kh3 Qg4+ 58. Kg2 58... Nc4 $19) 42... Nd6 43. Qb4 (43.
Qc5) 43... Rc7 { } (43... e3) 44. Bb3 $2 (44. Rb6) 44... Kh7 $19 45. Rb2 Nxb5
46. axb5 Rf6 47. d6 Rd7 48. Qc4 Qb8 49. Rd2 Qf8 50. b6 Kh8 51. Qc7 Qd8 52.
Qxd8+ Rxd8 53. d7 Rxb6 54. Ba4 Kg7 55. Kf2 Kf8 56. Rd5 Rf6 57. Ke3 Ke7 58. h3
h5 59. Bb5 Rd6 60. Re5+ Kf6 61. g4 R6xd7 62. g5+ Kf7 63. Bc4+ Kg7 64. Re6 Rc7
65. Bb5 Rc3+ 66. Ke2 Rxh3 67. Be8 Rxe8 68. Rxe8 0-1

[Event "XXVII. Abierto de Sevilla"]
[Site "?"]
[Date "2002.01.15"]
[Round "5"]
[White "Salazar Reyes, J."]
[Black "Pereira Figueroa, M."]
[Result "1-0"]
[WhiteElo "2275"]
[BlackElo "2106"]
[PlyCount "159"]
[EventDate "1996.??.??"]

1. e4 e6 2. d4 d5 3. Nd2 c5 4. exd5 exd5 5. Ngf3 a6 6. dxc5 Bxc5 7. Nb3 Be7 8.
Be2 Nf6 9. O-O O-O 10. c3 Bf5 11. Nfd4 Be4 12. Bf3 Qd7 13. Bg5 Re8 14. Re1 Bxf3
15. Qxf3 Ne4 16. Bxe7 Rxe7 17. Rad1 $16 17... Qe8 18. Nf5 Re5 19. Ne3 Nc6 20.
Rxd5 Ng5 21. Qd1 Rd8 22. Rxd8 Nxd8 23. Nd2 Re6 24. Qg4 h6 25. h4 Nh7 26. Nf3
Nc6 27. Rd1 Nf6 28. Qc4 Ne4 29. Nd5 Qd8 30. Ne3 Qf6 31. Nd5 { } 31... Qg6 $2
32. Nf4 $18 32... Nd6 33. Qf1 Qg4 34. Nxe6 Qxe6 35. Nd4 Nxd4 36. Rxd4 Nf5 37.
Rd8+ Kh7 38. g3 Nxg3 39. Qd3+ Nf5 40. Rd5 g6 41. h5 Nh4 42. hxg6+ Nxg6 43. Qf5
Qe8 44. Rd7 Kg7 45. Rxb7 Nh4 46. Qg4+ Ng6 47. Qd4+ Kg8 48. Rd7 Qe6 49. Rd8+ Kh7
50. c4 Qf5 51. Rd5 Qf3 52. Qd3 Qg4+ 53. Kf1 Qf4 54. b4 Kg8 55. Rd8+ Kh7 56. Rd5
Kg8 57. Ke2 Qc1 58. Rd8+ Kg7 59. Qd4+ Kh7 60. Qd3 Kg7 61. Rd4 h5 62. Qd2 Qg1
63. c5 Qg2 64. a4 Ne5 65. Qf4 f6 66. b5 axb5 67. axb5 Qb7 68. Rb4 Qd5 69. Qd4
Qf3+ 70. Kd2 Qa3 71. Kc2 Nf3 72. Qb2 Ne1+ 73. Kd2 Nf3+ 74. Kc1 Qd3 75. c6 Qf1+
76. Kc2 Ne1+ 77. Kb3 Qd3+ 78. Ka4 Nc2 79. c7 Qf5 80. Rc4 1-0

[Event "XXVII. Abierto de Sevilla"]
[Site "?"]
[Date "2002.01.15"]
[Round "5"]
[White "Martin Vazquez, J.M."]
[Black "Gomez Feria, J.M."]
[Result "1-0"]
[WhiteElo "2194"]
[BlackElo "2096"]
[PlyCount "105"]
[EventDate "1996.??.??"]

1. d4 Nf6 2. c4 e6 3. Nc3 c5 4. d5 exd5 5. cxd5 d6 6. e4 g6 7. Nf3 Bg7 8. Bd3
a6 9. a4 O-O 10. h3 Re8 11. O-O Nbd7 12. Bf4 Ne5 13. Nxe5 dxe5 14. Be3 Qd6 15.
a5 $16 15... Bd7 16. Na4 Bxa4 17. Qxa4 Rac8 18. Rfc1 Rc7 19. Rc3 Rec8 20. Rac1
Bf8 21. b3 Nd7 22. Qa2 Be7 23. Rc4 Kf8 24. Qc2 Ke8 25. g3 Kd8 26. h4 f6 27. Bf1
Bf8 28. Bh3 Be7 29. Qe2 Bf8 30. g4 Be7 31. g5 fxg5 32. hxg5 Bf8 33. Rd1 Rb8 34.
Rdc1 Rbc8 35. Be6 Qe7 36. Qg4 Qg7 37. Kg2 Bd6 38. Qh3 $16 { } 38... Rb8 $2 39.
Bxd7 Rxd7 40. Bxc5 Bxc5 41. Rxc5 $18 41... Qe7 42. Qg4 Ke8 43. f4 Rbd8 44. Qg3
exf4 45. Qxf4 Qg7 46. Rf1 Qe7 47. Rc4 Rd6 48. Rfc1 h6 49. Rc7 R8d7 50. Rc8+ Rd8
51. Rxd8+ Kxd8 52. gxh6 Rf6 53. Qb8+ 1-0

[Event "XXVII. Abierto de Sevilla"]
[Site "?"]
[Date "2002.01.16"]
[Round "6"]
[White "Epishin, V."]
[Black "Lalic, B."]
[Result "1/2-1/2"]
[WhiteElo "2599"]
[BlackElo "2523"]
[PlyCount "36"]
[EventDate "1996.??.??"]

1. d4 Nf6 2. c4 e6 3. Nc3 Bb4 4. e3 c5 5. Nge2 cxd4 6. exd4 d5 7. a3 Bxc3+ 8.
Nxc3 dxc4 9. Bxc4 Nc6 10. Be3 O-O 11. O-O b6 12. Qf3 Bb7 13. Bd3 Rc8 14. Rad1
Rc7 15. Ne4 Nxe4 16. Qxe4 g6 17. Bh6 Re8 18. Rc1 18... e5 { } 1/2-1/2

[Event "XXVII. Abierto de Sevilla"]
[Site "?"]
[Date "2002.01.16"]
[Round "6"]
[White "Estrada Martinez, C."]
[Black "Paragua, M."]
[Result "0-1"]
[WhiteElo "2186"]
[BlackElo "2469"]
[PlyCount "76"]
[EventDate "1996.??.??"]

1. c4 g6 2. Nf3 Bg7 3. Nc3 d6 4. d4 Nf6 5. g3 O-O 6. Bg2 Nbd7 7. O-O e5 8. e4
exd4 9. Nxd4 Re8 10. h3 a6 11. Re1 Rb8 12. Bg5 h6 13. Be3 Ne5 14. b3 c5 15.
Nde2 b5 16. cxb5 axb5 17. Nf4 b4 18. Ncd5 Nxd5 19. Nxd5 Ba6 20. Rb1 Qa5 21. Qd2
Kh7 22. f4 Nd3 23. Red1 23... c4 { } 24. bxc4 (24. Qc2) 24... Bxc4 25. Qc2 $2 (
25. a4 $15 25... Nb2 (25... Qxa4 $6 26. Nb6 Rxb6 27. Bxb6) 26. Rxb2 Bxd5 27.
Qxd5 Qxd5 28. Rxd5 Bxb2 29. a5 $17) 25... Qxa2 $19 26. Qd2 Qxd2 27. Bxd2 Ba2
28. Rxb4 Nxb4 29. Nxb4 Bc4 30. Rc1 Rec8 31. e5 dxe5 32. Nc6 Rb2 33. Rxc4 Rxd2
34. fxe5 Ra8 35. Rc1 Raa2 36. Bf3 Bf8 37. Be4 Ba3 38. Rb1 Bc5+ 0-1

[Event "XXVII. Abierto de Sevilla"]
[Site "?"]
[Date "2002.01.16"]
[Round "6"]
[White "Campora Sivori, D."]
[Black "Tejero Royo, F."]
[Result "1-0"]
[WhiteElo "2542"]
[BlackElo "2198"]
[PlyCount "49"]
[EventDate "1996.??.??"]

1. e4 e5 2. Nf3 Nc6 3. d4 exd4 4. Nxd4 Bc5 5. Be3 Qf6 6. c3 Nge7 7. Bc4 d6 8.
O-O Ne5 9. Be2 N7g6 10. f4 Nc6 11. Qd3 Bd7 12. Nd2 O-O 13. Rae1 Rae8 14. Kh1
Bb6 15. f5 Nge5 16. Qb1 16... Nxd4 $6 (16... Re7) 17. cxd4 Nc6 18. Nf3 { }
18... Qe7 (18... d5 19. Bg5 Qd6 20. e5 Qb4 21. f6 g6 22. Bd2 $1 (22. Bh6 Nxd4)
22... Qa4 23. b3 Qa3 24. Bc1 Qa5 25. Qb2 $18) 19. Bd3 f6 20. a3 Nd8 21. Bc4+
Kh8 22. Nh4 22... d5 $6 (22... Nf7 $13) 23. Bxd5 Bc6 (23... c6) 24. Qd1 24...
Nf7 $2 (24... Bxd5 25. Ng6+ hxg6 26. fxg6 Nf7 27. exd5 Qd7 28. gxf7 28... Rxf7
$16) 25. Qh5 1-0

[Event "XXVII. Abierto de Sevilla"]
[Site "?"]
[Date "2002.01.16"]
[Round "6"]
[White "Camacho Calle, P."]
[Black "Cabrera, A."]
[Result "0-1"]
[WhiteElo "2195"]
[BlackElo "2440"]
[PlyCount "96"]
[EventDate "1996.??.??"]

1. Nf3 Nf6 2. c4 g6 3. Nc3 Bg7 4. e4 d6 5. d4 O-O 6. Be2 c5 7. O-O cxd4 8. Nxd4
Nc6 9. Be3 Bd7 10. Rc1 Nxd4 11. Bxd4 Bc6 12. Bf3 Nd7 13. Be3 a5 14. b3 Nc5 15.
Bd4 Bh6 16. Rc2 Ne6 17. Nd5 Nxd4 18. Qxd4 Bg7 19. Qe3 e6 20. Nc3 Qf6 21. Rd1
Rfd8 22. a4 Qe5 23. Nb5 Bf6 24. g3 Be7 25. Bg2 g5 26. h3 Kh8 27. Qd4 Bf6 28.
Qxe5 Bxe5 29. Rcd2 Bxb5 30. axb5 a4 31. bxa4 Rdc8 32. Bf1 Rxa4 33. Kg2 Kg7 34.
h4 gxh4 35. f4 Bc3 36. Rxd6 Ra2+ 37. Kh3 hxg3 38. Kxg3 Bb4 39. Rd7 b6 40. Rb7
Bc5 41. Rdd7 Rf8 42. e5 { } (42. Ra7 Rf2 43. Bh3) 42... h5 $1 43. Bd3 (43. Ra7
Rf2 44. Bh3 Kh6 45. Rxf7 Rg8+ 46. Kh4 Rf3 47. Ra2 Be7+ 48. Rxe7 Rxf4+) 43...
h4+ $1 $19 44. Kh3 Rf2 45. f5 exf5 46. e6 Kg6 47. e7 (47. exf7 Ra8 48. Kxh4
48... Rf3 $19) 47... Re8 48. Kxh4 Rf3 0-1

[Event "XXVII. Abierto de Sevilla"]
[Site "?"]
[Date "2002.01.16"]
[Round "6"]
[White "Tissir, M."]
[Black "Salgado Gonzalez, J."]
[Result "1-0"]
[WhiteElo "2368"]
[BlackElo "2063"]
[PlyCount "63"]
[EventDate "1996.??.??"]

1. e4 Nc6 2. d4 d5 3. e5 Bf5 4. c3 e6 5. Ne2 f6 6. exf6 Nxf6 7. Ng3 Bg6 8. Bd3
Bxd3 9. Qxd3 Bd6 10. O-O O-O 11. Nd2 e5 12. Nf5 e4 13. Qh3 Qd7 14. f3 Rae8 (
14... g6) 15. fxe4 dxe4 16. Nc4 { } 16... Ne7 $2 (16... Be7) 17. Nfxd6 $16
17... Qxh3 18. gxh3 cxd6 19. Nxd6 Rd8 20. Nxb7 Rd5 21. Nc5 Nf5 22. c4 Rxc5 23.
dxc5 Nd4 24. Kg2 Nc2 25. Bg5 Nxa1 26. Rxa1 h6 27. Bxf6 gxf6 28. Kg3 f5 29. Kf4
Rf6 30. Rd1 Kf8 31. b4 Ke8 32. b5 1-0

[Event "XXVII. Abierto de Sevilla"]
[Site "?"]
[Date "2002.01.16"]
[Round "6"]
[White "Oliva Del Amo, A.J."]
[Black "De La Cruz, G."]
[Result "1-0"]
[WhiteElo "2091"]
[BlackElo "2264"]
[PlyCount "55"]
[EventDate "1996.??.??"]

1. b3 Nf6 2. Bb2 g6 3. e4 d6 4. g3 Bg7 5. Bg2 O-O 6. Ne2 c5 7. O-O Nc6 8. d4
cxd4 9. Nxd4 Qb6 10. Nxc6 bxc6 11. Nc3 Qa5 12. Na4 Bg4 13. Qe1 { } 13... Qh5 $6
(13... Qxe1 14. Rfxe1 e5) 14. e5 $1 14... Nd5 (14... dxe5 15. Qxe5 Qxe5 16.
Bxe5 Nd5 17. Bxg7 Kxg7 18. c4 $16) 15. c4 $16 15... Nb6 16. exd6 Bxb2 17. Nxb2
exd6 18. Qc3 Nd7 19. Nd3 Rac8 20. Rfe1 Qf5 21. Nf4 Qc5 22. b4 Qb6 23. Re7 Rce8
24. Rae1 Ne5 25. c5 Qb8 26. cxd6 Qxd6 27. Qxe5 Rxe7 28. Qxe7 1-0

[Event "XXVII. Abierto de Sevilla"]
[Site "?"]
[Date "2002.01.16"]
[Round "6"]
[White "Enjuto Velasco, R."]
[Black "Gomez Trigo, J."]
[Result "0-1"]
[WhiteElo "2194"]
[BlackElo "2044"]
[PlyCount "42"]
[EventDate "1996.??.??"]

1. e4 e5 2. Nf3 Nc6 3. Bb5 f5 4. Nc3 fxe4 5. Nxe4 d5 6. Nxe5 dxe4 7. Qh5+ g6 8.
Nxg6 hxg6 9. Qxh8 Qf6 10. Qh7 (10. Qxf6 Nxf6 11. Bxc6+ bxc6 12. O-O Kf7 13. b3
Bf5 14. Bb2 Bc5 15. Be5 Rd8 16. Bf4 a5 17. Be3 Bd6 18. h3 Nd5 19. Bg5 Rd7 20.
g4 Be6 21. f4 Bc5+ 22. Kh2 {
-  Steinmueller,A-Saathoff,R/Puschendorf 1996/EXT 2001 (22)}) 10... Nge7 11.
O-O Bg4 12. d3 O-O-O (12... exd3 13. Bxd3 O-O-O) 13. dxe4 $14 13... Nd4 14. Bd3
Bg7 15. Bh6 Bxh6 16. Qxh6 Rh8 17. Qe3 { } 17... Nf3+ $6 (17... Qh4 18. Qg3 Ne2+
19. Bxe2 Bxe2 20. Rfe1 Qh5 21. h3 $16) 18. gxf3 Bxf3 19. Rfb1 $2 (19. Bc4 $1
19... Rxh2 20. Be6+ Kb8 21. Kxh2 Qe5+ 22. Kg1 Qh5 23. Qxf3 Qxf3 24. Rad1 $18)
19... Rxh2 20. Kxh2 Qh4+ 21. Kg1 Qh1# 0-1

[Event "XXVII. Abierto de Sevilla"]
[Site "?"]
[Date "2002.01.16"]
[Round "6"]
[White "Hamdouchi, H."]
[Black "Korneev, O."]
[Result "1-0"]
[WhiteElo "2522"]
[BlackElo "2568"]
[PlyCount "75"]
[EventDate "1996.??.??"]

1. e4 e5 2. Nf3 Nc6 3. Bc4 Bc5 4. c3 Nf6 5. d3 a6 6. Nbd2 Ba7 7. Nf1 d6 8. Bb3
d5 9. exd5 Nxd5 10. Ng3 O-O 11. O-O Kh8 12. Re1 f6 13. d4 exd4 14. Nxd4 Nxd4
15. cxd4 c6 16. Qh5 $5 16... Bxd4 17. Re4 g6 (17... Qb6 18. Rh4 Bxf2+ 19. Kh1
Kg8 20. Qxh7+ Kf7 21. Re4 Bxg3 22. Qh5+ Kg8 23. Re7 $1 $16) 18. Qh6 Ba7 19. Rh4
Qe7 20. Bd2 { } 20... Qg7 $2 (20... Qf7 21. Re1 Bd7 22. Ne4 $13) 21. Qxg7+ Kxg7
22. Bh6+ Kg8 23. Bxf8 Kxf8 24. Rxh7 $18 24... Kg8 25. Rh4 Be6 26. Re1 Bf7 27.
Ne4 Rd8 28. Bxd5 cxd5 29. Nxf6+ Kg7 30. Nh7 d4 31. Ng5 Bg8 32. Rf4 d3 33. Re7+
Kh6 34. Nf3 Rd4 35. Nxd4 d2 36. Rh4+ Kg5 37. Nf3+ Kf6 38. Rd7 1-0

[Event "XXVII. Abierto de Sevilla"]
[Site "?"]
[Date "2002.01.16"]
[Round "6"]
[White "Cifuentes Parada, R."]
[Black "Spraggett, K."]
[Result "1-0"]
[WhiteElo "2521"]
[BlackElo "2528"]
[PlyCount "91"]
[EventDate "1996.??.??"]

1. Nf3 Nf6 2. c4 c5 3. Nc3 e6 4. g3 a6 5. Bg2 Qc7 6. O-O d6 7. b3 Be7 8. Bb2
O-O 9. d4 cxd4 10. Nxd4 Nc6 11. Rc1 Nxd4 12. Qxd4 Bd7 13. Rfd1 Rfd8 14. h3 Be8
15. e4 Rac8 16. a4 Bf8 17. Ba3 Qb8 18. a5 Bc6 19. Rd2 h6 20. Rcd1 Be7 21. Qe3
Qc7 22. Bb4 Ne8 23. Qb6 Rd7 24. e5 Bxg2 25. Kxg2 d5 26. Qxc7 Rdxc7 27. Bxe7
Rxe7 28. Na4 dxc4 29. Nb6 Rc5 30. Nxc4 $14 30... f6 31. f4 fxe5 32. fxe5 { }
32... Kh7 (32... Nc7 33. Rd7 Nd5 34. R1xd5 (34. Rxe7 Nxe7 35. Rd8+ Kh7 36. Rd7
36... Nc6 $11) 34... exd5 35. Rxe7 dxc4 36. bxc4 Kf8 37. Rxb7 37... Rxe5 $11)
33. Rd7 Rxd7 34. Rxd7 Nc7 35. Kf3 $16 35... h5 36. Ke4 Kh6 37. h4 g5 38. Rf7
gxh4 39. gxh4 Kg6 40. Re7 Rc6 41. Nd6 Rc1 42. Nc4 (42. Nxb7 Re1+ 43. Kd3 Nd5
44. Rxe6+ Kf5 45. Rxa6 Kxe5 46. Rh6 $18) 42... Re1+ 43. Kf3 Rf1+ 44. Ke4 Re1+
45. Kd4 Nb5+ 46. Kc5 (46. Kc5 Kf5 47. Rxb7 Ke4 48. Nd6+ Nxd6 49. exd6) 1-0

[Event "XXVII. Abierto de Sevilla"]
[Site "?"]
[Date "2002.01.16"]
[Round "6"]
[White "Matamoros Franco, C."]
[Black "Pogorelov, R."]
[Result "1-0"]
[WhiteElo "2456"]
[BlackElo "2460"]
[PlyCount "63"]
[EventDate "1996.??.??"]

{Segundo accesit al Premio de Belleza. Comentarios de Carlos Matamoros para
dicho Premio.} 1. c4 1... c5 2. g3 g6 3. Bg2 Bg7 4. Nc3 Nc6 5. a3 e6 6. b4 {
El blanco aprovecha la debilidad de d6 para hacer esta jugada sin lapreparatori
a Tb1} 6... Nxb4 $1 {La jugada correcta, aceptar el sacrificio con el peon le
daria al blanco demasiada compensacion, por ejemplo} (6... cxb4 7. axb4 Nxb4 8.
Ba3 Nc6 9. Nb5 {con fuerte iniciativa}) 7. axb4 cxb4 8. Nb5 $5 {Mi intencion
original era jugar la aceptada teoricamente 8.d4 bxc3 9.e3 Ce7 9.Ce2 con
alguna compensacion por el peon. Sin embargo senti una urgencia irresistible
de jugar activamente a pesar de que sabia que 8.Cb5 es considerada por la
teoria como dudosa. Calcule un poco, tampoco demasiado ya que el sacrificio es
intuitivo, y decidi dejarme llevar} 8... Bxa1 9. Qa4 9... Bf6 {Sabia que 9...
Ae5 no es muy buena como se demostro en una partida Hodgson-Gulko que siguio
10.Cf3 Ab8 11.Ab2 f6 12.h4! y el blanco gano en muy buen estilo. Tambien sabia
que 9...Af6 era la partida Lobron- Kavalek, Bochum 81, !lo que no sabia era
como continuaba la linea!. Pues nada, dar un jaque no debe ser malo...} 10.
Nd6+ {Lo que parece ser una novedad. La refutacion oficial de la teoria sigue
asi: 10.d4 a6! 11.Cd6+ Rf8 12.Cf3 Ae7 13.Dxb4 a5 14.Dc5 f6 como en la
mencionada partida. A mi particularmente no me parece muy flexible jugar d2-d4
porque le quita al blanco posibilidades en la diagonal a1-h8} (10. d4 a5 11.
Bf4 Ra6 12. Bc7 Qe7 13. Nf3 Nh6 14. c5 O-O 15. Bd6 Rxd6 16. cxd6 Qd8 17. O-O b6
18. Nd2 Nf5 19. e3 Ba6 20. Ne4 Bg7 21. Rc1 Qb8 22. Nc7 Bb7 23. Qxd7 Rd8 24. Qa4
Bxe4 25. Bxe4 Nxd6 26. Na6 Qa7 27. Bd3 Bf8 28. Nxb4 Ra8 29. Nc6 Qb7 30. e4 b5
31. Qc2 Nc4 32. d5 exd5 33. exd5 Nd6 34. Rb1 b4 35. Qa4 Qc8 36. Ra1 Nb7 37. Rc1
Qg4 38. Qb5 Nd6 39. Qa4 Qg5 40. Rd1 Nb7 41. Qb5 Nd6 42. Qb6 Qxd5 43. Be2 Qe4
44. Nd4 Qe5 45. Bf3 Nc4 46. Qc6 Nb2 47. Qxa8 Nxd1 48. Nc2 Nc3 49. Qb7 Bc5 50.
Kg2 50... Kg7 {0-1 Barle,J-Smejkal,J/Ljubljana/Portoroz 1973/EXT 98 (50).})
10... Kf8 11. Nf3 {
?Porque no tome en b4?, simplemente queria acelerar el desarrollo...} 11... h6
12. Qxb4 {...pero luego supongo que pense que mas vale peon de mas que de
menos, aunque todavia tengo calidad y peon de menos. Ya mas seriamente, pense
que la dama podria trasladarse al flanco de rey tras un eventual c4-c5 y el
peon de b4 me estorbaba. Por esta razon, tal vez el negro debio jugar 11...a5
(o lo que es lo mismo, tal vez era mejor 10.Dxb4). Tras la partida analizamos
12.d4 (?que habia dicho yo de la flexibilidad?) con idea de Cf3-e5 con
obscuridad total, no logramos ver como ganaba el negro y menos aun como se
defendia (!!). Creo que Suba lo definio bien en uno de sus libros: "debo estar
mejor, no veo como me ganan"} 12... Be7 {No le resulta facil desarrollarse al
negro, por ejemplo a la natural 12...Ce7 podria seguir con 13.0-0 Rg7 14.Ce4 y
el negro experimenta ciertas molestias en la diagonal a1-h8} 13. c5 13... Rh7 {
Supongo que el plan h7-h6 seguido de Th8-h7 defendiendo el punto mas debil del
negro, f7, es muy "Petrosiniano", pero a partir de ahora veo muy dificil que
el negro se pueda salvar, si la calidad de mas que tiene es la torre de h7 o
la de a8, entonces...} 14. Ne5 Nf6 15. O-O Ne8 16. Bb2 16... Nxd6 {El negro eli
mina al molesto caballo de d6 pero a cambio el blanco obtiene un no menos
molesto peon en d6. De aqui hasta el final de la partida el negro juega sin su
alfil de c8.} (16... Bxd6 17. cxd6 Qb6 18. Qa3 Qxd6 (18... Nxd6 19. Nc4) 19.
Qxd6+ Nxd6 20. Ba3 Ke7 21. Nc4) 17. cxd6 Bf6 18. Rc1 Bxe5 (18... Qb6 $2 19.
Rxc8+ $1 19... Rxc8 20. Nxd7+) 19. Bxe5 f6 (19... Qb6 20. Qf4 {
y la presion continua.}) 20. Ba1 Rf7 21. Rc7 {Esta es la posicion de los
suenos del blanco. La funcion principal de la torre blanca es hacer que ahora
el negro juegue tambien sin dama. Incluso ahora mi fritz ve una ventaja
decisiva para el negro; Korchnoi tenia razon, los ordenadores son
irresponsables.} 21... a5 {Con la esperanza de que al menos este peon corone,
o que la torre salga de su encierro por a6.} 22. Qb1 22... Kg7 {El intento de
liberar la torre con 22...Ta6 en esta o en la siguiente jugada produce
variantes divertidas:} (22... Ra6 23. Qc2 $1 23... Rc6 (23... Ra8 24. Qxg6) 24.
Bxc6 dxc6 25. Qxg6 Rxc7 26. dxc7 Qxc7 27. Qxf6+) 23. Be4 g5 (23... Ra6 24. Bxg6
Rxd6 25. Bxf7 Kxf7 (25... Qxc7 26. Qg6+ Kf8 27. Bxf6) 26. Qh7+ Ke8 27. Qg6+ Kf8
28. Bxf6) 24. Bg6 Qg8 (24... Rf8 25. Bh5 $18) 25. Bxf7 25... Qxf7 {Los libros
icen que cuando existen alfiles de distinto color el bando que ataca lo hace
como si tuviera una pieza de mas. En este caso tambien la torre de a8 es de
color distinto al alfil de a1...} 26. Qc2 Qf8 27. h4 e5 28. d4 { } 28... exd4
29. h5 $1 (29. Bxd4 Qxd6) 29... Qe8 (29... d3 30. Qxd3 Qe8 31. Rc4 $18) 30.
Bxd4 a4 31. Rc3 $1 31... a3 32. Re3 {Una curiosa partida de dominacion.} 1-0

[Event "XXVII. Abierto de Sevilla"]
[Site "?"]
[Date "2002.01.16"]
[Round "6"]
[White "Rustemov, A."]
[Black "Barrero Garcia, C."]
[Result "1-0"]
[WhiteElo "2607"]
[BlackElo "2308"]
[PlyCount "57"]
[EventDate "1996.??.??"]

1. d4 Nf6 2. Nf3 g6 3. c4 Bg7 4. Nc3 O-O 5. Bg5 c5 6. d5 h6 7. Bh4 g5 8. Bg3
Nh5 9. e3 d6 10. Bd3 f5 11. O-O Qe8 12. Qc2 Qf7 13. a3 Nd7 14. Nd2 14... Bxc3
$5 15. Qxc3 f4 16. exf4 gxf4 17. Bh4 Ne5 18. f3 Ng7 19. Rae1 19... Bf5 { } 20.
Rxe5 $6 (20. Bxf5 Nxf5 21. Bf2 b5 22. b3) 20... dxe5 21. Be2 Qg6 22. Kh1 (22.
Qxe5 Bh3 23. Rf2 Nf5 24. Bxe7) 22... Qd6 23. g4 Bg6 24. Bd3 24... b5 $6 (24...
Bxd3 25. Qxd3 Rad8) 25. Bxg6 Qxg6 26. Ne4 $16 26... bxc4 27. Qxe5 (27. Bxe7
Rfb8 28. Bd6) 27... c3 (27... e6 28. d6 $18) 28. bxc3 Qa6 29. Rf2 (29. Rf2 Qxa3
30. Bxe7 Qc1+ 31. Kg2 Rfb8 32. Bxc5 $18) 1-0

[Event "XXVII. Abierto de Sevilla"]
[Site "?"]
[Date "2002.01.16"]
[Round "6"]
[White "Rodriguez Guerrero, E."]
[Black "Martin Vazquez, J.M."]
[Result "1-0"]
[WhiteElo "2309"]
[BlackElo "2194"]
[PlyCount "61"]
[EventDate "1996.??.??"]

1. e4 c5 2. d3 e6 3. Nf3 d5 4. Nbd2 Nc6 5. g3 Nf6 6. Bg2 Be7 7. O-O O-O 8. Re1
Qc7 9. e5 Nd7 10. Qe2 Kh8 11. Nf1 b6 12. Bf4 a5 13. h4 Ba6 14. c3 b5 15. Ng5 b4
16. Rad1 Rab8 17. Qh5 Bxg5 18. hxg5 Ne7 (18... bxc3 $5 19. bxc3 Rb2) 19. Ne3
Ng6 20. Ng4 bxc3 21. bxc3 Rb2 22. Bf3 f5 (22... Rxa2) 23. exf6 Nxf4 24. gxf4 { 
} 24... gxf6 $2 (24... Qxf4 25. Kg2 25... Qf5 $1 26. fxg7+ Kxg7 27. Nh6 Qf4 28.
Rxe6 Ne5 29. Rxa6 Qxf3+ 30. Qxf3 Nxf3 31. Rxa5 31... Kg6 $11) 25. g6 $18 25...
Nb8 26. Rxe6 Qg7 27. f5 Bc8 28. Rxf6 Rxf6 29. Nxf6 Nd7 30. Ne8 Nf6 31. Nxf6 1-0